| 000 | 00466nam a22001817a 4500 | ||
|---|---|---|---|
| 003 | MPLRDC | ||
| 005 | 20220104142950.0 | ||
| 008 | 210129b ||||| |||| 00| 0 eng d | ||
| 020 | _a9971-54-978-6 | ||
| 082 | _a859.6 YEGS-2 v.1 | ||
| 100 | _a方惠珍等著 | ||
| 245 |
_a小蝌蚪找妈妈 _c |
||
| 260 |
_a _b南方印刷出版有限公司 _c1991 |
||
| 300 | _b平 | ||
| 490 | _a幼儿故事精选;1 | ||
| 650 | _a幼儿故事 | ||
| 942 |
_cBK _o859.6 YEGS-2 v.1 |
||
| 999 |
_c35336 _d35326 |
||